| 000 | 00471nam a2200193Ia 4500 | ||
|---|---|---|---|
| 005 | 20240823061046.0 | ||
| 008 | 240823s9999||||xx |||||||||||||| ||und|| | ||
| 041 | _aENGLISH | ||
| 082 | _A005.8 Q1 | ||
| 100 | _a"Godbole,Nina S" | ||
| 245 | 0 | _aCyber Security | |
| 250 | _a1st | ||
| 260 |
_c2011 _bWiley India Pv _aNew Delhi |
||
| 500 | _aISSUED | ||
| 650 |
_aCyber Security _bInformation Technology |
||
| 700 | _a" Belapure,Sunit" | ||
| 942 | _cBK | ||
| 999 |
_c232619 _d232619 |
||